| 000 | 00642nam a2200205 4500 | ||
|---|---|---|---|
| 003 | CO-ViMGA | ||
| 020 | _a9789586654647 | ||
| 040 |
_aCO-ViMGA _bspa _cCO-ViMGA |
||
| 090 | _aH MON29 | ||
| 100 | 1 |
_aMontt, Alberto _912041 _d1972- |
|
| 245 | 1 | 0 |
_aEn dosis diarias : No. 2 / _cAlberto Montt |
| 250 | _aEdicion especial | ||
| 260 |
_aBogotá : _bSiglo del hombre, _c2017. |
||
| 300 | _ap. | ||
| 490 | _aPlan Nacional de Lectura y Escritura Leer es mi Cuento / Ministerio de Cultura | ||
| 650 | 1 | 4 |
_aHumorismo gráfico _93289 |
| 650 | 1 | 4 |
_aLiteratura juvenil chilena _912042 |
| 650 | 1 | 4 |
_aTiras cómicas, historietas, etc. _92479 |
| 942 |
_2ddc _cBK |
||
| 999 |
_c8505 _d8505 |
||